000 00257nam a2200109Ia 4500
008 220204s9999 xx 000 0 und d
082 _a82-3
_bKNI
245 0 _aGolden road
260 _aLondon
_bVictor Gollancz
_c1974
700 _aKnight, Damon
942 _cBK
999 _c24815
_d24815